Представление документа в формате RUSMARC

ПолеНазваниеЗначение
  Тип записи a
  Библиографический уровень a
001 Контрольный номер RU/CBS_Ul/BASE/539695585
005 Дата корректировки 20240427093943.7
100 Данные общей обработки __
a Данные общей обработки 20170206d2017 ||| 0rusy0189 ca
101 Язык документа 0_
a Язык текста rus
102 Страна публикации __
a Страна публикации RU
105 Кодированные данные (монография) __
a Кодированные данные (монография) y###||||000|y
200 Заглавие и сведения об ответственности 1_
a Заглавие Французские потомки Дениса Давыдова
b Общее обозначение материала Текст
e Сведения, относящиеся к заглавию [праправнучка Д. Давыдова - Ксения Николаевна Паскалис]
f Первые сведения об ответственности С. Узбекова
300 Общие примечания __
a Общие примечания Ограничения по возрасту - 12+
461 Уровень набора _0
1 2000
a Мономах
463 Уровень физической единицы _0
1 001RU/CBS_Ul/BASE/539693460
1 2000
a № 2
v С. 6-9
1 210
d 2009
600 Персоналии _0
a Персоналии (Фамилия) Давыдов
b Персоналии (Имя, инициалы) Д. В.
606 Тематические рубрики 0_
a Основная рубрика Давыдов, Денис Васильевич (1784-1839) - Родословная
610 Ключевые слова 0_
a Ключевые слова партизаны
610 Ключевые слова 0_
a Ключевые слова русские поэты
610 Ключевые слова 0_
a Ключевые слова родословные
610 Ключевые слова 0_
a Ключевые слова потомки
610 Ключевые слова 0_
a Ключевые слова участники Отечественной войны 1812 г.
686 Индексы других классификаций __
a Классификационный индекс 83.3(2Рос=Рус)1
2 Код системы ББК
686 Индексы других классификаций __
a Классификационный индекс 63.3(2)47
700 Автор _1
a Фамилия Узбекова
b Имя (инициалы) С.
801 Источник записи _0
a Страна RU
b Организация МБУК ЦБС г. Ульяновска
c Дата составления 20170206
g Правила каталогизации RCR
801 Источник записи _1
a Страна RU
b Организация МБУК ЦБС г. Ульяновска
c Дата составления 20170206
g Правила каталогизации RCR
900 Электронные ресурсы __
a Имя электронного ресурса Узбекова Французские
901 Тип документа __
t Тип документа b
w Контрольный № источника RU/CBS_Ul/BASE/539693460
910 Корректоры записи __
a Корректор записи Нецеевский
938 Служебная информация __
a Имя БД kraeved